000 00978cam a2200289 i 4500
001 2708
005 20250513081537.0
020 _a0590451367
020 _a9780156707688
040 _aDLC
_cDLC
_erda
_dDLC
_beng
050 0 0 _aPZ7.D439
082 0 0 _a823.9
100 1 _aDePaola, Tomie
_d1934-2020,
_eauthor.
245 1 0 _aPancakes for breakfast /
_cby Tomie DePaola.
250 _aFirst Scholastic printing, October 1991
260 _aNew York :
_bScholastic ,
_c1978
300 _a28 unnumbered pages :
_bcolor illustrations ;
_c16 cm .
505 _aF
520 _aA little old lady's attempts to have pancakes for breakfast are hindered by a scarcity of supplies and the participation of her pets.
521 _a300
_bLexile
521 _aF
_bRaz-Plus
650 1 _aPancakes, waffles, etc.
_vFiction.
650 1 _aPets
_vFiction.
650 1 _aStories without words.
906 _a7
_bcbc
_corigres
_d2
_encip
_f20
_gy-gencatlg
942 _2ddc
_cBK
_n0
999 _c2708
_d2708